01826nam a2200361 a 4500001001000000003000900010005001700019007000300036008004100039040002500080049000900105082003100114100005000145245006500195250001200260260003600272300003800308500007400346590002600420600006800446600004200514650004200556650006100598651009100659910003700750942001400787952013000801952013000931952013001061952012501191952013101316999001701447000026887DO-SdBNP20260511120044.0ta110328s1993 dr ac 000 0dspa d aDO-SdBNPbspacBNPHU aBNPD 4a972.93053bG277e, 19932221 aGautier de Álvarez, Josefina,d1929-95399810aEscondido :bmi 30 de mayo /cJosefina Gautier de Álvarez. a2ª ed. aSanto Domingo :bTaller,c1993. a165 p. :bilustraciones ;c25 cm. aIncluye datos biográficos de la autora en la solapa de la cubierta. aInventariado, 2023/BT14aTrujillo Molina, Rafael Leónidas, d1891-1961xMuerte91086914aAmiama Tió, Luis,d1915-1980953999 4aDelitos contra jefes de estado944033 4aPersecuciones políticasxRepública dominicana944738 4aRepública DominicanaxHistoriayEra de Trujillo 1930-1961xRelatos Personales929001 aValidado. Control de calidad EMS 2ddccLBS1 00102ddc56708DSaBNPHUbBNPHUcHDd2013-05-02oBNPHU DS 972.93053 G277e 1993p26887-70r2020-06-25te.5w2020-06-25yLBS1 00102ddc56708DSaBNPHUbBNPHUcHDd2013-05-02oBNPHU DS 972.93053 G277e 1993p26887-50r2020-06-25te.3w2020-06-25yLBS1 00102ddc56708DSaBNPHUbBNPHUcHDd2013-05-02oBNPHU DS 972.93053 G277e 1993p26887-60r2020-06-25te.4w2020-06-25yLBS1 00102ddc51708PDaBNPHUbBNPHUcHDd2011-03-28oBNPHU PD 972.93053 G277e 1993p26887-10r2020-06-25w2020-06-25yLBS1 00102ddc51708PDaBNPHUbBNPHUcHDd2011-03-28oBNPHU PD 972.93053 G277e, 1993p26887-20r2020-06-25te.2w2020-06-25yLBS1 c26379d26379